| 000 | 00958nas a2200325 4500 | ||
|---|---|---|---|
| 001 | BR2015002317 | ||
| 003 | BR-BrBNA | ||
| 005 | 20231205125235.0 | ||
| 007 | ta | ||
| 008 | 230509b bl.|||p| |||| 00| 00por d | ||
| 040 |
_aBR-BrBNA _bpor _cBiblioteca Nacional de Agricultura |
||
| 041 | _a(En) | ||
| 072 | _aL73; L01 | ||
| 100 | 1 | _aKeller, K.M. | |
| 100 | 1 | _aDeveza, M.V. | |
| 100 | 1 | _aKoshiyama, A.S. | |
| 100 | 1 | _aTassinari, W.S. | |
| 100 | 1 | _aBarth, O.M. | |
| 100 | 1 | _aCastro, R.N. | |
| 100 | 1 | _aLorenzon, M.C. | |
| 245 | 1 | _aFungi infection in honeybee hives in regions affected by brazilian sac brood | |
| 650 | _aABELHA | ||
| 650 | _aAPICULTURA | ||
| 650 | _aCOLMEIA | ||
| 650 | _aMICOTOXINA | ||
| 650 | _aFUNGO | ||
| 773 | 0 |
_tArquivo Brasileiro de Medicina Veterinária e Zootecnia (Brazil) _xISSN 0102-0935 _g(Oct 2014), v. 66(5) p. 1471-1478 _wBR2015002317 |
|
| 909 |
_a202311 _bLúcia _c55 _dLúcia Elande |
||
| 942 |
_2AGRIS _n0 _cANA |
||
| 999 |
_c243388 _d243388 |
||